00512 2200205 4500001002100000008004100021035002000062245006600082100001700148250000600165260004100171300001100212084001400223082000800237650001300245990001200258990001200270990001200282990001200294INLIS000000000000706 ind  a0010-0424000682 aMengukur Dengan Alat Ukur Mekanik PreisicAdi Bawanto, S.Pd.T aBawanto, Adi a1 aYogyakarta :bCitra Aji Paramac2011 a84 hlm a600 ADI m a600 aNonfiksi a0721904 a0721905 a0721906 a0721907